Globalization Strategy in the Hotel Industry

Na minha lista:
Detalhes bibliográficos
Autor principal: Go, Frank M.
Outros Autores: Pine, Ray
Formato: Livro
Idioma:inglês
Publicado em: London Routledge 1995
Edição:1st Edition
Assuntos:
Tags: Adicionar Tag
Sem tags, seja o primeiro a adicionar uma tag!

MARC

LEADER 00000nam a2200000 4500
001 0263136
005 20240111124525.7
020 |a 0-415-10323-1 
020 |a 0-415-10322-3 
041 0 |a eng 
044 |a GB 
245 1 0 |a Globalization Strategy in the Hotel Industry  |c Frank M. Go, Ray Pine 
250 |a 1st Edition 
264 1 |a London  |b Routledge  |c 1995 
300 |a 415 s. 
610 2 0 |a hotely 
610 2 0 |a hotelierstvo 
610 2 0 |a globalizácia 
610 2 0 |a konkurencieschopnosť 
610 2 0 |a zdroje ľudské 
610 2 0 |a zmeny organizačné 
610 2 0 |a spolupráca podnikov 
610 2 0 |a technológie nové 
610 2 0 |a zmeny klimatické 
100 1 |a Go, Frank M. 
700 1 |a Pine, Ray